000 00574nam a2200181Ia 4500
003 IN-BaIIA
005 20250702104246.0
008 211028s9999 xx 000 0 eng d
040 _cIIA Library
080 _a537
_bBEC
100 _aBecquerel, M.
_91747
245 0 _aTraite experimental de L'electricite et du magnetisme
_bvol. VI, pt. , II, tome sixieme
_cM. Becquerel
260 _aParis
_bFirmin Didot Freres Libraires
_c1840
300 _a547p.
650 _aElectricity
_9527
650 _aMagnetism
_956
942 _cBK
_2ddc
999 _c814
_d814